Normal view
MARC view
Entry Personal Name
001 - CONTROL NUMBER
- control field: 25249
003 - CONTROL NUMBER IDENTIFIER
- control field: dpl
005 - DATE AND TIME OF LATEST TRANSACTION
- control field: 20110107153902.0
008 - FIXED-LENGTH DATA ELEMENTS
- fixed length control field: 110107|||a|||||| | ||| d
040 ## - CATALOGING SOURCE
- Original cataloging agency: dpl
- Transcribing agency: dpl
100 ## - HEADING--PERSONAL NAME
- Personal name: Floyd, Thomas L.
670 ## - SOURCE DATA FOUND
- Source citation: Work cat.: (dpl)35793: Floyd, Thomas L. , Electronic devices /, 2009
670 ## - SOURCE DATA FOUND
- Source citation: Work cat.: (dpl)35793: Floyd, Thomas L. , Electronic devices /, 2009
